Rozvoj riadenia ľudských zdrojov v kontexte európskych trendov

Guardado en:
Detalles Bibliográficos
Autor principal: Kachaňáková, Anna
Otros Autores: Blštáková, Jana, 1980-
Formato: Capítulo de libro
Lenguaje:eslovaco
Etiquetas: Agregar Etiqueta
Sin Etiquetas, Sea el primero en etiquetar este registro!

MARC

LEADER 00000naa$a2200000$$$4500
001 0060863
005 20240502071657.8
041 0 |a slo 
044 |a SK 
245 1 0 |a Rozvoj riadenia ľudských zdrojov v kontexte európskych trendov  |c Anna Kachaňáková, Jana Blštáková 
100 1 |a Kachaňáková, Anna 
700 1 |a Blštáková, Jana, 1980-